| Tag |
First Indicator |
Second Indicator |
Subfields |
| LEADER |
00000cam a2200000 4500 |
| 001 |
in00000097831 |
| 005 |
20200328063359.0 |
| 008 |
720328s1972 nyua b 00100 eng |
| 010 |
|
|
|a 72179762
|
| 020 |
|
|
|a 0306305607
|
| 035 |
|
|
|a (OCoLC)00286658
|
| 035 |
|
|
|9 AAL3026AM
|
| 040 |
|
|
|a DLC
|c DLC
|d TXA
|d UtOrBLW
|
| 049 |
|
|
|a TXAM
|c [1024406]
|
| 050 |
0 |
0 |
|a TP256
|b .E43 1972
|
| 082 |
0 |
|
|a 621.35
|
| 245 |
0 |
0 |
|a Electrochemistry of cleaner environments /
|c Edited by John O'M. Bockris.
|
| 264 |
|
1 |
|a New York :
|b Plenum Press,
|c 1972.
|
| 300 |
|
|
|a xiii, 296 pages :
|b illustrations ;
|c 24 cm.
|
| 336 |
|
|
|a text
|b txt
|2 rdacontent
|
| 337 |
|
|
|a unmediated
|b n
|2 rdamedia
|
| 338 |
|
|
|a volume
|b nc
|2 rdacarrier
|
| 504 |
|
|
|a Includes bibliographical references.
|
| 650 |
|
0 |
|a Electrochemistry, Industrial.
|
| 650 |
|
0 |
|a Electrochemical apparatus.
|
| 650 |
|
0 |
|a Pollution.
|
| 700 |
1 |
|
|a Bockris, J. O'M.
|q (John O'M.),
|d 1923-2013.
|
| 999 |
|
|
|a MARS
|
| 999 |
f |
f |
|s 8fe4313e-1ed2-386d-beed-da139d011468
|i c7eadef9-ce46-334b-8679-9ba4fc33260b
|t 0
|
| 952 |
f |
f |
|p ric
|a Texas A&M University
|b Rellis Campus
|c Joint Library Facility
|d Remote Storage
|t 0
|e TP256 .E43 1972
|h Library of Congress classification
|i unmediated -- volume
|m A14805603494
|
| 998 |
f |
f |
|a TP256 .E43 1972
|t 0
|l Remote Storage
|